Neuquén : (Record no. 532421)
[ view plain ]
| 000 -LEADER | |
|---|---|
| fixed length control field | 01297cam a2200337 a 4500 |
| 001 - CONTROL NUMBER | |
| control field | 14128673 |
| 003 - CONTROL NUMBER IDENTIFIER | |
| control field | NUST |
| 005 - DATE AND TIME OF LATEST TRANSACTION | |
| control field | 20191120120619.0 |
| 008 - FIXED-LENGTH DATA ELEMENTS--GENERAL INFORMATION | |
| fixed length control field | 050907s2004 ag a b 000 0 spa |
| 010 ## - LIBRARY OF CONGRESS CONTROL NUMBER | |
| LC control number | 2005479113 |
| 020 ## - INTERNATIONAL STANDARD BOOK NUMBER | |
| International Standard Book Number | 9871171072 |
| 035 ## - SYSTEM CONTROL NUMBER | |
| System control number | (AR-BaFGC)1324320000 |
| 038 ## - RECORD CONTENT LICENSOR | |
| Staff Name | waseem |
| 040 ## - CATALOGING SOURCE | |
| Original cataloging agency | DLC |
| Transcribing agency | DLC |
| Modifying agency | DLC |
| 042 ## - AUTHENTICATION CODE | |
| Authentication code | pcc |
| 043 ## - GEOGRAPHIC AREA CODE | |
| Geographic area code | s-ag--- |
| 050 00 - LIBRARY OF CONGRESS CALL NUMBER | |
| Classification number | F3011.N48 |
| Item number | N48 2004 |
| 082 00 - DEWEY DECIMAL CLASSIFICATION NUMBER | |
| Classification number | 982.72 |
| Author Mark | NEU |
| 245 00 - TITLE STATEMENT | |
| Title | Neuquén : |
| Remainder of title | cien años de historia / |
| Statement of responsibility, etc. | Grupo de Estudios de Historia Social (GEHiSo) de la Universidad Nacional del Comahue ; directores Enrique Mases, María Beatriz Gentile y Gabriel Rafart. |
| 260 ## - PUBLICATION, DISTRIBUTION, ETC. | |
| Place of publication, distribution, etc. | General Roca, Río Negro [Argentina] : |
| Name of publisher, distributor, etc. | Editorial Río Negro, |
| Date of publication, distribution, etc. | [2004] |
| 300 ## - PHYSICAL DESCRIPTION | |
| Extent | 145 p. : |
| Other physical details | ill. ; |
| Dimensions | 21 x 26 cm. |
| 504 ## - BIBLIOGRAPHY, ETC. NOTE | |
| Bibliography, etc. note | Includes bibliographical references (p. 141-142). |
| 651 #0 - SUBJECT ADDED ENTRY--GEOGRAPHIC NAME | |
| Geographic name | Neuquén (Argentina) |
| General subdivision | History. |
| 9 (RLIN) | 25932 |
| 700 1# - ADDED ENTRY--PERSONAL NAME | |
| Personal name | Masés, Enrique. |
| 9 (RLIN) | 25933 |
| 700 1# - ADDED ENTRY--PERSONAL NAME | |
| Personal name | Gentile, María Beatriz. |
| 9 (RLIN) | 25934 |
| 700 1# - ADDED ENTRY--PERSONAL NAME | |
| Personal name | Rafart, Gabriel. |
| 9 (RLIN) | 25935 |
| 710 2# - ADDED ENTRY--CORPORATE NAME | |
| Corporate name or jurisdiction name as entry element | Universidad Nacional del Comahue. |
| Subordinate unit | Grupo de Estudios de Historia Social. |
| 9 (RLIN) | 25936 |
| 906 ## - LOCAL DATA ELEMENT F, LDF (RLIN) | |
| a | 7 |
| b | cbc |
| c | origres |
| d | 3 |
| e | ncip |
| f | 20 |
| g | y-gencatlg |
| 942 ## - ADDED ENTRY ELEMENTS (KOHA) | |
| Source of classification or shelving scheme | |
| Koha item type | Book |
| Withdrawn status | Lost status | Source of classification or shelving scheme | Damaged status | Not for loan | Permanent Location | Current Location | Date acquired | Source of acquisition | Full call number | Barcode | Date last seen | Price effective from | Koha item type |
|---|---|---|---|---|---|---|---|---|---|---|---|---|---|
| Central Library (CL) | Central Library (CL) | 11/20/2019 | Donation | 982.72 NEU | CL-D-721 | 11/20/2019 | 11/20/2019 | Reference |
